000 00713nam a2200241Ia 4500
001 3294
003 GE_BSU
008 181216s||||||||xx |||||||||||||| ||und||
040 _cGE_BSU
080 _a621.01(075.8)
100 _aКореняко,А.С.
245 _aТеория механизмов и машин.
245 _bУчебник.
245 _cРед. Р.С. Деловая
250 _aИзд. 3-е, перераб. и дополн.
260 _aКиев.
260 _bВища школа.
260 _c1976.
300 _a444 с. 22 см. с илл. Библигр.:стр.438.
300 _eтабл. 1.
653 _aТеория механизмов и машин.
942 _cBK
999 _c37335
_d37335